HAIZE HEGOA/
Gorde:
| Erakunde egilea: | |
|---|---|
| Formatua: | Liburua |
| Hizkuntza: | Spanish |
| Argitaratua: |
Bilbao, España:
Centro de Documentación e Investigaciones sobre los países en desarrollo
|
| Gaiak: | |
| Etiketak: |
Etiketa erantsi
Etiketarik gabe, Izan zaitez lehena erregistro honi etiketa jartzen!
|
MARC
| LEADER | 00000nam a22000007a 4500 | ||
|---|---|---|---|
| 003 | cru CIDCACS/IIS | ||
| 005 | 20200527103344.0 | ||
| 008 | 200527n sp |||p|r||||||0| ||spa|d | ||
| 999 | |c 43152 |d 43152 | ||
| 040 | |c cru CIDCACS/IIS | ||
| 090 | |a REV0511 | ||
| 110 | 2 | |9 9300 |a Centro de Documentación e Investigaciones sobre los países en desarrollo | |
| 245 | 1 | |a HAIZE HEGOA/ |c Centro de Documentación e Investigaciones sobre los países en desarrollo | |
| 260 | |a Bilbao, España: |b Centro de Documentación e Investigaciones sobre los países en desarrollo | ||
| 270 | |a Av.. Del Ejército, 83 48015 |d España | ||
| 500 | |a EXISTENCIAS PPS (s): 1989 (1) 1991 (7-8) | ||
| 650 | 4 | |9 3229 |a PLANES DE PAZ | |
| 650 | 0 | |9 3749 |a ORGANIZACIONES NO GUBERNAMENTALES | |
| 650 | 0 | |9 7539 |a ALIMENTACION | |
| 650 | 0 | |9 88 |a MUJERES | |
| 650 | 0 | |9 138 |a PAZ | |
| 942 | |2 ddc |c PP | ||
